000 011920000a22002170004500
020 _a968-6055-01-0
041 0 _aSPA
082 0 4 _aG 173 S2534r
100 1 _aSatir, Virginia
245 1 0 _aRelaciones humanas en el núcleo familiar / Virginia Satir ; Hans A. Ritter, María Elena M. de Carbajal, Traductores
260 _aMéxico D.F., México : Pax-México
300 _a299 Pag.
500 _aTítulo original : Peoplemaking
505 0 0 _aIntroducción -- ¿cómo es tu familia? -- la autoestima: la olla que nadie vigila -- comunicación: hablar y escuchar -- patrones de comunicación -- juegos de comunicación -- las normas con las que vives -- sistemas ¿abiertos o cerrados? -- la pareja -- tu mapa familiar -- el bote de lombrices en acción -- familias especiales: de un solo padre y mixtas -- el diseño de tu familia: algunos elementos esenciales -- la ingeniería familiar -- la familia extendida -- la familia dentro de la sociedad -- la familia del futuro
650 1 4 _aFAMILIA \ RELACIONES HUMANAS \ PADRES E HIJOS
001 1262
942 _cBK
999 _c32585
_d32585
336 _atexto
_btxt
_2rdacontent
337 _2rdamedia
_asin mediación
_bn
338 _2rdacarrier
_avolumen
_bnc